00305nam a2200121Ia 4500008004100000082001100041245002700052250000600079260003600085300000800121630002700129730002700156090124s9999 xx 000 0 und d b135193 a मर्मभेद a2 bभागवत शशीc1979 a263 a मर्मभेद a मर्मभेद